[Event "Heusenstamm Schloss op"]
[Site "Heusenstamm"]
[Date "2022.11.19"]
[Round "4"]
[White "Schmidt, Markus"]
[Black "Alber, Horst"]
[Result "1-0"]
[WhiteElo "2099"]
[BlackElo "2249"]
[PlyCount "53"]
[EventDate "2022.11.17"]
[EventType "swiss"]
[EventRounds "7"]
[EventCountry "GER"]
[SourceTitle "CBM 211 Extra"]
[Source "ChessBase"]
[SourceDate "2023.01.31"]
[SourceVersion "1"]
[SourceVersionDate "2023.01.31"]
[SourceQuality "1"]

1. e4 g6 2. d4 Bg7 3. Nc3 d6 4. Be3 c6 5. f4 b5 6. a3 a6 7. Nf3 Nf6 8. Bd3 Nbd7 9. h3 Nb6 10. 0-0 Qc7 11. Qe1 Nfd7 12. e5 Nd5 13. Nxd5 cxd5 14. b3 Nb6 15. Qg3 e6 16. Rae1 0-0 17. h4 h5 18. Qh3 f5 19. Bd2 a5 20. Qg3 Kh7 21. Ng5+ Kg8 22. Nf3 Kh7 23. Bxb5 dxe5 24. fxe5 Bd7 25. Bd3 Rfe8 26. Ng5+ Kg8 27. Nh3 1-0

[Event "Oberliga Ost-B 2122"]
[Site "Germany"]
[Date "2022.07.03"]
[Round "7.2"]
[White "Alber, Horst"]
[Black "Schneider, Christian"]
[Result "1/2-1/2"]
[WhiteElo "2268"]
[BlackElo "2211"]
[PlyCount "66"]
[EventDate "2021.10.10"]
[EventType "team-tourn"]
[EventRounds "11"]
[EventCountry "GER"]
[SourceTitle "EXT 2023"]
[Source "ChessBase"]
[SourceDate "2022.10.05"]
[SourceVersion "1"]
[SourceVersionDate "2022.10.05"]
[SourceQuality "1"]
[WhiteTeam "Marburg"]
[BlackTeam "Stadtilm Blau Weiss"]
[WhiteTeamCountry "GER"]
[BlackTeamCountry "GER"]

1. d4 Nf6 2. c4 e6 3. g3 d5 4. Bg2 Be7 5. Nc3 0-0 6. Nf3 dxc4 7. 0-0 Nbd7 8. e4 c6 9. a4 Bb4 10. Qe2 Qa5 11. Bd2 e5 12. dxe5 Nxe5 13. Nxe5 Qxe5 14. Qxc4 a5 15. Rfe1 Re8 16. Bf4 Qh5 17. f3 Be6 18. Qe2 Rad8 19. g4 Qc5+ 20. Be3 Qc4 21. Bf1 Qxe2 22. Bxe2 Nd7 23. Kg2 Nc5 24. Red1 Bb3 25. Rxd8 Rxd8 26. Na2 Nxa4 27. Nxb4 axb4 28. Bc4 Bxc4 29. Rxa4 b5 30. Ra6 Rc8 31. Bc5 b3 32. Kf2 h6 33. Ke3 Kh7 1/2-1/2

[Event "Oberliga Ost-B 2122"]
[Site "Germany"]
[Date "2022.03.05"]
[Round "8.3"]
[White "Urban, Lars"]
[Black "Alber, Horst"]
[Result "1-0"]
[WhiteElo "2183"]
[BlackElo "2268"]
[PlyCount "85"]
[EventDate "2021.10.10"]
[EventType "team-tourn"]
[EventRounds "11"]
[EventCountry "GER"]
[SourceTitle "EXT 2023"]
[Source "ChessBase"]
[SourceDate "2022.10.05"]
[SourceVersion "1"]
[SourceVersionDate "2022.10.05"]
[SourceQuality "1"]
[WhiteTeam "Erfurt Empor"]
[BlackTeam "Marburg"]
[WhiteTeamCountry "GER"]
[BlackTeamCountry "GER"]

1. d4 Nf6 2. c4 g6 3. Nc3 Bg7 4. e4 d6 5. f3 0-0 6. Nge2 Nc6 7. Be3 a6 8. Qd2 Rb8 9. Rc1 Bd7 10. Nd1 b5 11. c5 e5 12. d5 Ne7 13. c6 Bc8 14. h4 h5 15. Nf2 Nh7 16. g3 f5 17. Bg2 b4 18. Ng1 a5 19. Ngh3 Rf7 20. 0-0 Qf8 21. f4 Ba6 22. Rfe1 Bc8 23. fxe5 Bxe5 24. Bh6 Qd8 25. Bf4 fxe4 26. Bxe5 dxe5 27. d6 Qxd6 28. Qxd6 cxd6 29. Nxe4 Nf5 30. Rcd1 Re7 31. Nxd6 Nxg3 32. Rd5 e4 33. Kh2 Nf5 34. Rxe4 Rxe4 35. Bxe4 Be6 36. c7 Rf8 37. Bxf5 gxf5 38. Rxa5 Nf6 39. Nf4 Bd7 40. Ng6 Ng4+ 41. Kg1 Rf6 42. Ra8+ Kg7 43. Ne8+ 1-0

[Event "Heusenstamm Sparkassen op-A 6th"]
[Site "Heusenstamm"]
[Date "2019.11.24"]
[Round "6"]
[White "Olesiak, Marcin"]
[Black "Alber, Horst"]
[Result "0-1"]
[WhiteElo "2021"]
[BlackElo "2267"]
[PlyCount "52"]
[EventDate "2019.11.21"]
[EventType "swiss"]
[EventRounds "7"]
[EventCountry "GER"]
[SourceTitle "CBM 194 Extra"]
[Source "ChessBase"]
[SourceDate "2020.03.31"]
[SourceVersion "1"]
[SourceVersionDate "2020.03.31"]
[SourceQuality "1"]

1. e4 g6 2. Nc3 Bg7 3. f4 d6 4. Nf3 c5 5. Bb5+ Bd7 6. Bxd7+ Qxd7 7. 0-0 Nc6 8. d3 Nf6 9. Ne2 c4 10. Bd2 0-0 11. Qe1 a5 12. h3 Qc7 13. Bc3 cxd3 14. cxd3 b5 15. Qh4 b4 16. Bd2 Qb6+ 17. Kh1 Qb5 18. Ne1 Nxe4 19. dxe4 Qxe2 20. Nf3 Nd4 21. Rf2 Nxf3 22. gxf3 Bf6 23. Qg3 Qd3 24. e5 Bg7 25. Be1 dxe5 26. fxe5 Qe3 0-1

[Event "Oberliga Ost-B 1920"]
[Site "Germany"]
[Date "2019.11.16"]
[Round "2.2"]
[White "Heinz, Axel"]
[Black "Alber, Horst"]
[Result "1/2-1/2"]
[WhiteElo "2441"]
[BlackElo "2269"]
[PlyCount "89"]
[EventDate "2019.09.29"]
[EventType "team-tourn"]
[EventRounds "11"]
[EventCountry "GER"]
[SourceTitle "EXT 2021"]
[Source "ChessBase"]
[SourceDate "2020.10.23"]
[SourceVersion "1"]
[SourceVersionDate "2020.10.23"]
[SourceQuality "1"]
[WhiteTeam "Oberursel"]
[BlackTeam "Marburg"]
[WhiteTeamCountry "GER"]
[BlackTeamCountry "GER"]

1. e4 g6 2. d4 Bg7 3. Nc3 d6 4. Nf3 c6 5. Bc4 Nf6 6. Bb3 0-0 7. 0-0 Bg4 8. h3 Bxf3 9. Qxf3 e5 10. Be3 Qe7 11. dxe5 dxe5 12. a4 a5 13. Qe2 Nbd7 14. Qc4 Nh5 15. g3 Bf6 16. Rad1 Ng7 17. Ne2 Ne6 18. Rd2 Ndc5 19. Rfd1 Rab8 20. Bxc5 Nxc5 21. Rd6 Nxb3 22. Rd7 Qb4 23. Qxb4 axb4 24. cxb3 Rfd8 25. Nc1 Rxd7 26. Rxd7 Kf8 27. Kf1 Bg5 28. Na2 Ke8 29. Rd1 Be7 30. Ke2 Ra8 31. Nc1 Bc5 32. Nd3 Bd4 33. Rc1 Ra5 34. Nxb4 Bxb2 35. Rc4 Kd7 36. Nd3 Bd4 37. Rc2 Kd6 38. Nb4 c5 39. Nd3 b5 40. axb5 Rxb5 41. Nc1 Ra5 42. Ra2 Rxa2+ 43. Nxa2 c4 44. bxc4 Kc5 45. g4 1/2-1/2

[Event "Oberliga Ost-B 1920"]
[Site "Germany"]
[Date "2019.09.29"]
[Round "1.3"]
[White "Alber, Horst"]
[Black "Shkuran, Danylo"]
[Result "0-1"]
[WhiteElo "2269"]
[BlackElo "2329"]
[PlyCount "60"]
[EventDate "2019.09.29"]
[EventType "team-tourn"]
[EventRounds "11"]
[EventCountry "GER"]
[SourceTitle "EXT 2021"]
[Source "ChessBase"]
[SourceDate "2020.10.23"]
[SourceVersion "1"]
[SourceVersionDate "2020.10.23"]
[SourceQuality "1"]
[WhiteTeam "Marburg"]
[BlackTeam "Bad Emstal/Wolfhagen"]
[WhiteTeamCountry "GER"]
[BlackTeamCountry "GER"]

1. d4 d5 2. c4 c6 3. cxd5 cxd5 4. Nf3 Nf6 5. Nc3 Nc6 6. Bf4 a6 7. e3 Bg4 8. Bd3 e6 9. h3 Bh5 10. Qe2 Be7 11. g4 Bg6 12. Bxg6 hxg6 13. 0-0-0 Bb4 14. g5 Nh5 15. Bh2 Bxc3 16. bxc3 Rc8 17. Kb1 Na5 18. Rc1 Nc4 19. Ka1 0-0 20. h4 b5 21. Rhe1 Qa5 22. Qc2 Rc6 23. Qb3 Rfc8 24. Qb4 Qb6 25. e4 dxe4 26. Rxe4 Qb7 27. d5 Rc5 28. Rd1 Rxd5 29. Red4 Rxd4 30. Nxd4 e5 0-1

[Event "Hessen-ch"]
[Site "Frankfurt"]
[Date "2019.05.31"]
[Round "5"]
[White "Alber, Horst"]
[Black "Dubiel, Jacek"]
[Result "0-1"]
[WhiteElo "2271"]
[BlackElo "2428"]
[PlyCount "92"]
[EventDate "2019.05.29"]
[EventType "swiss"]
[EventRounds "9"]
[EventCountry "GER"]
[SourceTitle "EXT 2020"]
[Source "ChessBase"]
[SourceDate "2019.10.17"]
[SourceVersion "1"]
[SourceVersionDate "2019.10.17"]
[SourceQuality "1"]

1. d4 d5 2. c4 e6 3. Nc3 Nf6 4. Bg5 Be7 5. e3 0-0 6. Qc2 h6 7. Bh4 b6 8. Nf3 Bb7 9. Bxf6 Bxf6 10. cxd5 exd5 11. 0-0-0 c5 12. g4 Nc6 13. h4 cxd4 14. exd4 Nb4 15. Qd2 Qc8 16. Bh3 Nxa2+ 17. Kb1 Nxc3+ 18. bxc3 Qc4 19. g5 Qb3+ 20. Qb2 Qxb2+ 21. Kxb2 hxg5 22. hxg5 Be7 23. Ne5 g6 24. Rde1 Bxg5 25. Reg1 Bf4 26. Be6 Kg7 27. Nxf7 Rae8 28. Bf5 Re2+ 29. Kb1 Rxf7 30. Bxg6 Re1+ 31. Rxe1 Kxg6 32. Rhg1+ Kf5 33. Kc2 Ba6 34. Rg8 Bc4 35. Rge8 a5 36. R1e7 Rxe7 37. Rxe7 a4 38. Rb7 b5 39. Ra7 Ke4 40. Re7+ Kf3 41. Rf7 a3 42. Rf8 a2 43. Kb2 Ke4 44. Rh8 Bc1+ 45. Ka1 Kd3 46. Rh3+ Kc2 0-1

[Event "Hessen-ch"]
[Site "Frankfurt"]
[Date "2019.05.29"]
[Round "2"]
[White "Alber, Horst"]
[Black "Zude, Erik"]
[Result "1/2-1/2"]
[WhiteElo "2271"]
[BlackElo "2402"]
[PlyCount "64"]
[EventDate "2019.05.29"]
[EventType "swiss"]
[EventRounds "9"]
[EventCountry "GER"]
[SourceTitle "EXT 2020"]
[Source "ChessBase"]
[SourceDate "2019.10.17"]
[SourceVersion "1"]
[SourceVersionDate "2019.10.17"]
[SourceQuality "1"]

1. d4 d5 2. Bg5 h6 3. Bh4 c5 4. dxc5 Qa5+ 5. Qd2 Qxc5 6. Nc3 d4 7. Na4 Qb5 8. b3 Nc6 9. e3 dxe3 10. Bxb5 exd2+ 11. Kxd2 Bf5 12. Bxc6+ bxc6 13. Nf3 0-0-0+ 14. Ke2 f6 15. Rhd1 Re8 16. Nd2 e5 17. Nc4 Bxc2 18. Rd2 Bf5 19. Rc1 Bb4 20. Rdd1 Be6 21. Nd6+ Bxd6 22. Rxd6 Kb8 23. Rcxc6 Bc8 24. Rc4 Ne7 25. Rb4+ Ka8 26. Nc3 Rd8 27. Nb5 Kb8 28. f4 exf4 29. Bf2 Rxd6 30. Nxd6+ Ka8 31. Rxf4 Bd7 32. b4 Nc8 1/2-1/2

[Event "Oberliga Ost-B 1819"]
[Site "Germany"]
[Date "2019.04.06"]
[Round "10.3"]
[White "Neumann, Martin1111"]
[Black "Alber, Horst"]
[Result "1-0"]
[WhiteElo "2067"]
[BlackElo "2284"]
[PlyCount "81"]
[EventDate "2018.10.21"]
[EventType "team-tourn"]
[EventRounds "11"]
[EventCountry "GER"]
[SourceTitle "EXT 2020"]
[Source "ChessBase"]
[SourceDate "2019.10.17"]
[SourceVersion "1"]
[SourceVersionDate "2019.10.17"]
[SourceQuality "1"]
[WhiteTeam "Gernsheim"]
[BlackTeam "Marburg"]
[WhiteTeamCountry "GER"]
[BlackTeamCountry "GER"]

1. d4 Nf6 2. Bg5 g6 3. Bxf6 exf6 4. c4 f5 5. g3 Bg7 6. Nc3 0-0 7. e3 d6 8. Bg2 Nd7 9. Nge2 Nf6 10. Qd3 Re8 11. 0-0 h5 12. b4 h4 13. a4 c6 14. b5 d5 15. bxc6 bxc6 16. cxd5 cxd5 17. Rfc1 Bh6 18. Nb5 Re7 19. Ra3 Ne4 20. Ra2 Be6 21. Rac2 Qa5 22. Nc7 Rb8 23. Qa6 Qxa6 24. Nxa6 Rb3 25. Nc3 Ra3 26. Nc5 Nxc5 27. dxc5 d4 28. Nb5 Rxa4 29. Nxd4 Bg7 30. Rd2 Rc7 31. Nb5 Re7 32. c6 a6 33. Nd6 Rc7 34. Ne8 Rc8 35. c7 Rxe8 36. Bc6 Rc8 37. Bxa4 Kf8 38. f4 hxg3 39. hxg3 Ke7 40. Bd1 a5 41. Bf3 1-0

[Event "Heusenstamm Sparkassen op-A 5th"]
[Site "Heusenstamm"]
[Date "2018.11.24"]
[Round "4"]
[White "Stuemer, Paul"]
[Black "Alber, Horst"]
[Result "0-1"]
[WhiteElo "2074"]
[BlackElo "2287"]
[PlyCount "68"]
[EventDate "2018.11.22"]
[EventType "swiss"]
[EventRounds "7"]
[EventCountry "GER"]
[SourceTitle "CBM 188 Extra"]
[Source "ChessBase"]
[SourceDate "2019.02.26"]
[SourceVersion "1"]
[SourceVersionDate "2019.02.26"]
[SourceQuality "1"]

1. Nf3 Nf6 2. c4 g6 3. e3 Bg7 4. d4 0-0 5. Nc3 c5 6. Be2 d6 7. 0-0 Nc6 8. d5 Nb8 9. Qc2 a6 10. a3 b5 11. cxb5 axb5 12. Bxb5 Ba6 13. Bxa6 Nxa6 14. Nd2 Nb4 15. Qb3 Qa5 16. Nc4 Qa6 17. axb4 Qxa1 18. b5 Qa7 19. Bd2 Rfb8 20. Qc2 Nd7 21. Na3 Nb6 22. Qd3 Qb7 23. Rd1 Na4 24. Nxa4 Rxa4 25. Bc3 Bxc3 26. Qxc3 Qb6 27. h3 Rba8 28. Rb1 Qa5 29. Qd3 Rb8 30. Kf1 Rb4 31. Ke2 Qa4 32. Kd2 Rb3 33. Qc2 Qb4+ 34. Kd1 Ra8 0-1

[Event "Oberliga Ost-B 1819"]
[Site "Germany"]
[Date "2018.11.11"]
[Round "3.3"]
[White "Schneider, Christian1111"]
[Black "Alber, Horst"]
[Result "0-1"]
[WhiteElo "2205"]
[BlackElo "2284"]
[PlyCount "100"]
[EventDate "2018.10.21"]
[EventType "team-tourn"]
[EventRounds "11"]
[EventCountry "GER"]
[SourceTitle "EXT 2020"]
[Source "ChessBase"]
[SourceDate "2019.10.17"]
[SourceVersion "1"]
[SourceVersionDate "2019.10.17"]
[SourceQuality "1"]
[WhiteTeam "Stadtilm Blau Weiss"]
[BlackTeam "Marburg"]
[WhiteTeamCountry "GER"]
[BlackTeamCountry "GER"]

1. e4 g6 2. d4 Bg7 3. Nc3 d6 4. f4 Nf6 5. Nf3 0-0 6. Be3 c5 7. dxc5 Qa5 8. Qd2 dxc5 9. e5 Rd8 10. Bd3 c4 11. exf6 Bxf6 12. Ne4 Qxd2+ 13. Kxd2 Bxb2 14. Rab1 Bg7 15. Ke2 cxd3+ 16. cxd3 b6 17. Rhc1 Be6 18. Rc2 h6 19. Ne5 Rd5 20. Rbc1 Na6 21. Nc6 Bg4+ 22. Kd2 Rd7 23. h3 Be6 24. Ke2 f5 25. Nf2 Bd5 26. Ne5 Bxe5 27. fxe5 g5 28. g3 Kg7 29. h4 Kg6 30. a3 Rf8 31. hxg5 hxg5 32. Rc8 Rxc8 33. Rxc8 Rc7 34. Rd8 Be6 35. d4 Rc8 36. Rxc8 Bxc8 37. Nd3 Nc7 38. Nb4 Bb7 39. Kf2 a5 40. Na2 Nd5 41. Bd2 f4 42. Nc3 Kf5 43. Nxd5 Bxd5 44. gxf4 gxf4 45. Bc1 Ke4 46. Bd2 e6 47. Bc1 b5 48. Bd2 b4 49. axb4 Kd3 50. Bxf4 axb4 0-1

[Event "Oberliga Ost-B 1819"]
[Site "Germany"]
[Date "2018.10.21"]
[Round "1.2"]
[White "Alber, Horst"]
[Black "Jakob, Matthias"]
[Result "1-0"]
[WhiteElo "2284"]
[BlackElo "2104"]
[PlyCount "61"]
[EventDate "2018.10.21"]
[EventType "team-tourn"]
[EventRounds "11"]
[EventCountry "GER"]
[SourceTitle "EXT 2020"]
[Source "ChessBase"]
[SourceDate "2019.10.17"]
[SourceVersion "1"]
[SourceVersionDate "2019.10.17"]
[SourceQuality "1"]
[WhiteTeam "Marburg"]
[BlackTeam "Erfurt Medizin"]
[WhiteTeamCountry "GER"]
[BlackTeamCountry "GER"]

1. d4 Nc6 2. c4 Nf6 3. Nc3 e5 4. d5 Ne7 5. e4 Ng6 6. Be3 Bb4 7. f3 Bxc3+ 8. bxc3 d6 9. Qd2 b6 10. h4 h5 11. Ne2 Bd7 12. Ng3 Qc8 13. 0-0-0 Qa6 14. Qb2 Qc8 15. Kb1 Ng8 16. Nf5 N6e7 17. Nxg7+ Kf8 18. Nxh5 Rxh5 19. g4 Bxg4 20. fxg4 Qxg4 21. Bd3 Rxh4 22. Qf2 Rxh1 23. Rxh1 Ng6 24. Rg1 Qh5 25. Be2 Qh7 26. Bg4 N8e7 27. Qf3 Re8 28. Be6 Ng8 29. Bf5 Ke7 30. Bg5+ f6 31. Be3 1-0

[Event "Hessen-ch"]
[Site "Frankfurt"]
[Date "2018.05.13"]
[Round "9"]
[White "Krastev, Alexander"]
[Black "Alber, Horst"]
[Result "1-0"]
[WhiteElo "2202"]
[BlackElo "2290"]
[PlyCount "55"]
[EventDate "2018.05.09"]
[EventType "swiss"]
[EventRounds "9"]
[EventCountry "GER"]
[SourceTitle "EXT 2019"]
[Source "ChessBase"]
[SourceDate "2018.10.10"]
[SourceVersion "1"]
[SourceVersionDate "2018.10.10"]
[SourceQuality "1"]

1. e4 g6 2. d4 d6 3. Nc3 Bg7 4. f4 Nc6 5. Nf3 Nf6 6. Bd3 0-0 7. Be3 Ng4 8. Bg1 e5 9. dxe5 dxe5 10. h3 Nf6 11. fxe5 Nh5 12. Bh2 Bh6 13. Nd5 Nd4 14. Nxd4 c6 15. Nf5 Bxf5 16. exf5 Qxd5 17. 0-0 Rae8 18. Qf3 Rxe5 19. Bxe5 Qxe5 20. Rae1 Qxb2 21. Qg4 Bg7 22. fxg6 hxg6 23. Kh1 b5 24. Bxg6 fxg6 25. Rxf8+ Bxf8 26. Qxg6+ Ng7 27. Rf1 Qe5 28. Qf7+ 1-0

[Event "Hessen-ch"]
[Site "Frankfurt"]
[Date "2018.05.12"]
[Round "8"]
[White "Alber, Horst"]
[Black "Lagunow, Raphael"]
[Result "0-1"]
[WhiteElo "2290"]
[BlackElo "2368"]
[PlyCount "72"]
[EventDate "2018.05.09"]
[EventType "swiss"]
[EventRounds "9"]
[EventCountry "GER"]
[SourceTitle "EXT 2019"]
[Source "ChessBase"]
[SourceDate "2018.10.10"]
[SourceVersion "1"]
[SourceVersionDate "2018.10.10"]
[SourceQuality "1"]

1. d4 Nf6 2. c4 e6 3. g3 d5 4. Bg2 Be7 5. Nf3 0-0 6. 0-0 c6 7. Nc3 b6 8. b3 Ba6 9. Bb2 Nbd7 10. Re1 Rc8 11. e4 dxc4 12. Bf1 b5 13. a4 Qb6 14. a5 Qb8 15. bxc4 bxc4 16. Bc1 e5 17. Rb1 Qc7 18. Qa4 exd4 19. Nxd4 Nc5 20. Qa1 Nd3 21. Bxd3 cxd3 22. Bf4 Qd7 23. Nf5 Nh5 24. g4 Nxf4 25. Nd5 f6 26. Ndxe7+ Kh8 27. Nxc8 Rxc8 28. Re3 Ng6 29. Qc3 c5 30. g5 fxg5 31. Rg3 Nf4 32. Qe5 Re8 33. Rb8 Bc8 34. Qxe8+ Qxe8 35. Nd6 d2 36. Nxe8 d1Q# 0-1

[Event "Hessen-ch"]
[Site "Frankfurt"]
[Date "2018.05.11"]
[Round "5"]
[White "Lesny, Florian"]
[Black "Alber, Horst"]
[Result "1/2-1/2"]
[WhiteElo "2018"]
[BlackElo "2290"]
[PlyCount "29"]
[EventDate "2018.05.09"]
[EventType "swiss"]
[EventRounds "9"]
[EventCountry "GER"]
[SourceTitle "EXT 2019"]
[Source "ChessBase"]
[SourceDate "2018.10.10"]
[SourceVersion "1"]
[SourceVersionDate "2018.10.10"]
[SourceQuality "1"]

1. e4 g6 2. d4 Bg7 3. Nc3 d6 4. Nf3 c6 5. a4 Nf6 6. Be2 0-0 7. 0-0 Nbd7 8. a5 e5 9. dxe5 dxe5 10. Qd6 Ne8 11. Qa3 Nc7 12. Be3 Ne6 13. Rfd1 Re8 14. Bc4 Bf8 15. Qa2 1/2-1/2

[Event "Hessen-ch"]
[Site "Frankfurt"]
[Date "2018.05.09"]
[Round "2"]
[White "Zude, Arno"]
[Black "Alber, Horst"]
[Result "1-0"]
[WhiteElo "2372"]
[BlackElo "2290"]
[PlyCount "66"]
[EventDate "2018.05.09"]
[EventType "swiss"]
[EventRounds "9"]
[EventCountry "GER"]
[SourceTitle "EXT 2019"]
[Source "ChessBase"]
[SourceDate "2018.10.10"]
[SourceVersion "1"]
[SourceVersionDate "2018.10.10"]
[SourceQuality "1"]

1. e4 g6 2. d4 Bg7 3. Nf3 d6 4. Bc4 c6 5. Bb3 Nf6 6. Qe2 0-0 7. 0-0 Bg4 8. Nbd2 Nbd7 9. h3 Bxf3 10. Nxf3 e5 11. dxe5 dxe5 12. Rd1 Qe7 13. c3 Nc5 14. Bc2 Nh5 15. Bg5 Qe8 16. Be3 Nf4 17. Qc4 Nce6 18. a4 Qe7 19. Kh2 c5 20. Qb5 Rfd8 21. Bb3 a6 22. Qc4 Rf8 23. a5 Rac8 24. Qa4 Rc7 25. Rd2 Rfc8 26. Bc4 Nd4 27. Ne1 g5 28. Bxf4 exf4 29. cxd4 cxd4 30. Bd5 h5 31. Qa3 Qf6 32. Qf3 Qg6 33. Nd3 Re8 1-0

[Event "Heusenstamm Sparkassen op-A 4th"]
[Site "Heusenstamm"]
[Date "2017.11.24"]
[Round "2"]
[White "Papadopoulos, Ioannis1111"]
[Black "Alber, Horst"]
[Result "0-1"]
[WhiteElo "1836"]
[BlackElo "2293"]
[PlyCount "84"]
[EventDate "2017.11.23"]
[EventType "swiss"]
[EventRounds "7"]
[EventCountry "GER"]
[SourceTitle "EXT 2019"]
[Source "ChessBase"]
[SourceDate "2018.10.10"]
[SourceVersion "1"]
[SourceVersionDate "2018.10.10"]
[SourceQuality "1"]

1. e4 g6 2. d4 Bg7 3. Nc3 d6 4. Be3 a6 5. Qd2 b5 6. Bd3 Bb7 7. Nf3 Nd7 8. 0-0 c5 9. a3 cxd4 10. Nxd4 Ngf6 11. Bh6 0-0 12. Bxg7 Kxg7 13. Kh1 Nc5 14. Rae1 e5 15. Nb3 Ne6 16. Nc1 Rc8 17. N1e2 Nh5 18. Nd5 Bxd5 19. exd5 Nc5 20. Ng3 Nxg3+ 21. hxg3 f5 22. c3 h5 23. Re3 Qf6 24. Kg1 Rf7 25. Bc2 Rfc7 26. Rfe1 Rh8 27. Rf3 Re7 28. Rfe3 Qf7 29. R1e2 Nd7 30. Re1 Nf6 31. f3 h4 32. gxh4 f4 33. R3e2 Nh5 34. Qd3 Ng3 35. Rd2 Qf6 36. Rdd1 Rxh4 37. a4 Rh1+ 38. Kf2 Rh2 39. Kg1 e4 40. fxe4 Qh4 41. Qd4+ Kf7 42. e5 Rh1+ 0-1

[Event "Oberliga Ost-B 1718"]
[Site "Germany"]
[Date "2017.10.22"]
[Round "1.3"]
[White "Heinz, Axel"]
[Black "Alber, Horst"]
[Result "1-0"]
[WhiteElo "2435"]
[BlackElo "2296"]
[PlyCount "57"]
[EventDate "2017.10.22"]
[EventType "team-tourn"]
[EventRounds "11"]
[EventCountry "GER"]
[SourceTitle "EXT 2019"]
[Source "ChessBase"]
[SourceDate "2018.10.10"]
[SourceVersion "1"]
[SourceVersionDate "2018.10.10"]
[SourceQuality "1"]
[WhiteTeam "Oberursel"]
[BlackTeam "Marburg"]
[WhiteTeamCountry "GER"]
[BlackTeamCountry "GER"]

1. e4 g6 2. d4 Bg7 3. Nc3 d6 4. Nge2 Nf6 5. h3 0-0 6. g4 e5 7. Bg2 Nbd7 8. Be3 Re8 9. 0-0 h5 10. dxe5 Nxe5 11. g5 Nh7 12. f4 Nc4 13. Bc1 b5 14. a3 Bb7 15. Qd3 a6 16. b3 Nb6 17. Be3 Qe7 18. Rad1 d5 19. e5 Rad8 20. Bxb6 cxb6 21. Nxd5 Qxa3 22. b4 Qa2 23. Nec3 Qc4 24. Qxc4 bxc4 25. Nxb6 Bxg2 26. Kxg2 Nf8 27. Ncd5 Ne6 28. Nxc4 Bf8 29. Nf6+ 1-0

[Event "Hessen-ch"]
[Site "Marburg"]
[Date "2017.05.27"]
[Round "8"]
[White "Alber, Horst"]
[Black "Krastev, Alexander"]
[Result "1/2-1/2"]
[WhiteElo "2297"]
[BlackElo "2180"]
[PlyCount "75"]
[EventDate "2017.05.24"]
[EventType "swiss"]
[EventRounds "9"]
[EventCountry "GER"]
[SourceTitle "EXT 2018"]
[Source "ChessBase"]
[SourceDate "2017.10.13"]
[SourceVersion "1"]
[SourceVersionDate "2017.10.13"]
[SourceQuality "1"]

1. d4 Nf6 2. c4 c5 3. d5 g6 4. Nc3 Bg7 5. e4 d6 6. Bd3 0-0 7. Nge2 e6 8. 0-0 Na6 9. Ng3 Nc7 10. h3 Rb8 11. dxe6 Bxe6 12. f4 Re8 13. f5 Bd7 14. Bg5 h6 15. Bf4 Bc6 16. Bc2 Bf8 17. fxg6 fxg6 18. Nd5 Ne6 19. Bg5 Nxg5 20. Nxf6+ Kh8 21. Nxe8 Qxe8 22. Qg4 Bg7 23. Rad1 Be5 24. Ne2 b5 25. cxb5 Rxb5 26. Ba4 Rxb2 27. Bxc6 Qxc6 28. h4 Qxe4 29. Nf4 Nh3+ 30. Qxh3 Bxf4 31. Qc8+ Kg7 32. Qc7+ Kg8 33. Qd8+ Kg7 34. Qd7+ Kg8 35. Qd8+ Kg7 36. Qc7+ Kg8 37. Qc8+ Kg7 38. Qc7+ 1/2-1/2

[Event "Hessen-ch"]
[Site "Marburg"]
[Date "2017.05.27"]
[Round "7"]
[White "Brendel, Oliver"]
[Black "Alber, Horst"]
[Result "0-1"]
[WhiteElo "2322"]
[BlackElo "2297"]
[PlyCount "62"]
[EventDate "2017.05.24"]
[EventType "swiss"]
[EventRounds "9"]
[EventCountry "GER"]
[SourceTitle "EXT 2018"]
[Source "ChessBase"]
[SourceDate "2017.10.13"]
[SourceVersion "1"]
[SourceVersionDate "2017.10.13"]
[SourceQuality "1"]

1. c4 e5 2. g3 Nc6 3. Nc3 f5 4. Nf3 e4 5. Nh4 g6 6. d3 exd3 7. Qxd3 d6 8. Nd5 Bg7 9. Bg2 Ne5 10. Qb3 c6 11. Nf4 Nf6 12. Nf3 Qe7 13. h4 Ne4 14. h5 g5 15. h6 Bf8 16. Nxe5 gxf4 17. Nxc6 bxc6 18. Bxf4 Be6 19. Rd1 Rd8 20. Qa4 Qd7 21. Bf3 Be7 22. Qc2 d5 23. Be5 Bf6 24. Bxf6 Nxf6 25. 0-0 0-0 26. Qd2 Qf7 27. c5 Qg6 28. b4 Ng4 29. Bxg4 fxg4 30. a4 Rf6 31. b5 Qf5 0-1

[Event "Hessen-ch"]
[Site "Marburg"]
[Date "2017.05.24"]
[Round "2"]
[White "Alber, Horst"]
[Black "Chandler, Patrick"]
[Result "1/2-1/2"]
[WhiteElo "2297"]
[BlackElo "2190"]
[PlyCount "50"]
[EventDate "2017.05.24"]
[EventType "swiss"]
[EventRounds "9"]
[EventCountry "GER"]
[SourceTitle "EXT 2018"]
[Source "ChessBase"]
[SourceDate "2017.10.13"]
[SourceVersion "1"]
[SourceVersionDate "2017.10.13"]
[SourceQuality "1"]

1. d4 Nf6 2. c4 e6 3. Nc3 Bb4 4. e3 d5 5. Nf3 c5 6. a3 Bxc3+ 7. bxc3 Qc7 8. cxd5 exd5 9. Be2 0-0 10. 0-0 b6 11. dxc5 Qxc5 12. Qd4 Qxd4 13. Nxd4 Ba6 14. Nb5 Nbd7 15. a4 Nc5 16. Bb2 Nfe4 17. Rfd1 Rfd8 18. f3 Ng5 19. Kf2 Nge6 20. Ke1 Bb7 21. c4 a6 22. Nd4 dxc4 23. Bxc4 Bd5 24. Bxd5 Rxd5 25. Nxe6 Rxd1+ 1/2-1/2

[Event "Oberliga Ost-B 1617"]
[Site "Germany"]
[Date "2017.05.07"]
[Round "11.3"]
[White "Staller, Peter"]
[Black "Alber, Horst"]
[Result "1/2-1/2"]
[WhiteElo "2264"]
[BlackElo "2318"]
[PlyCount "46"]
[EventDate "2016.10.16"]
[EventType "team-tourn"]
[EventRounds "11"]
[EventCountry "GER"]
[SourceTitle "EXT 2018"]
[Source "ChessBase"]
[SourceDate "2017.10.13"]
[SourceVersion "1"]
[SourceVersionDate "2017.10.13"]
[SourceQuality "1"]
[WhiteTeam "Frankfurt Koenig Nied"]
[BlackTeam "Marburg"]
[WhiteTeamCountry "GER"]
[BlackTeamCountry "GER"]

1. Nf3 g6 2. d4 Nf6 3. Nbd2 Bg7 4. e4 d6 5. Be2 0-0 6. 0-0 c6 7. c3 Nbd7 8. Qc2 Qc7 9. a4 e5 10. dxe5 Nxe5 11. Nxe5 dxe5 12. Nc4 Be6 13. Bg5 Nh5 14. Bxh5 Bxc4 15. Be2 Be6 16. Be3 Rfd8 17. Rfd1 Bf8 18. c4 Be7 19. Qc3 c5 20. f3 f6 21. g3 Kf7 22. b3 Rxd1+ 23. Rxd1 Rd8 1/2-1/2